Kritické zhodnotenie teoretických prístupov k destinačnému manažmentu v kontexte súčasného cestovného ruchu
Salvato in:
| Autore principale: | |
|---|---|
| Natura: | Capitolo di libro |
| Lingua: | slovacco |
| Tags: |
Nessun Tag, puoi essere il primo ad aggiungerne!!
|
MARC
| LEADER | 00000naa$a2200000$$$4500 | ||
|---|---|---|---|
| 001 | 0314433 | ||
| 005 | 20260123095704.8 | ||
| 041 | 0 | |a slo | |
| 044 | |a SK | ||
| 245 | 1 | 0 | |a Kritické zhodnotenie teoretických prístupov k destinačnému manažmentu v kontexte súčasného cestovného ruchu |c Jerguš Horský |
| 100 | 1 | |a Horský, Jerguš, 1998- | |